Countries Producing the Most Potatoes (2012) - Statistics

General Stats
  • This quiz has been taken 969 times
  • The average score is 14 of 20
Answer Stats
Million tonnes Country % Correct
21 United States
98%
87 China
96%
5 United Kingdom
95%
30 Russia
94%
6 France
91%
11 Germany
90%
41 India
90%
5 Canada
89%
4 Brazil
85%
9 Poland
79%
23 Ukraine
78%
5 Turkey
69%
3 Pakistan
64%
5 Iran
61%
4 Peru
56%
7 Netherlands
49%
5 Egypt
48%
8 Bangladesh
38%
4 Algeria
30%
4 Malawi
2%
No matching quizzes found
Score Distribution
Percent of People with Each Score
Percentile by Number Answered
Your Score History
You have not taken this quiz